000 00363nam a22001457a 4500
008 210312b ||||| |||| 00| 0 eng d
020 _a9781111640132
041 _aeng
080 _24th
_a004
082 _24th
_a004
100 _a35
101 _a004
245 _aLab Manual for Security + Guide to Network Security Fundamentals
_cFarwood,D
942 _2udc
_cBK
999 _c56513
_d56513